| 000 | 02429nab a2200289 i 4500 | ||
|---|---|---|---|
| 003 | BR-BrBNA | ||
| 005 | 20240223095940.0 | ||
| 008 | 240223b2006 bl.qr|p|oa||| 00| 0 por | | ||
| 040 |
_aBR-BrBNA _bpor |
||
| 072 | _aF60 | ||
| 100 | _aSilva, N.A. | ||
| 100 | _aOliveira, F.F. | ||
| 100 | _aCosta, L.C.B. | ||
| 100 | _aBizzo, H.R. | ||
| 100 | _aOliveira, R.A. | ||
| 245 | _aCaracterização química do óleo essencial da erva cidreira (Lippia alba (Mill.) N. E. Br.) cultivada em Ilhéus na Bahia | ||
| 500 | _aPublicação on-line; 11 ref.; 1 table; Summaries (En, Pt) | ||
| 520 | _a RESUMO: O óleo essencial da Lippia alba (Mill.) N. E. Br. coletada em Ilhéus (Bahia), nas diferentes estações sazonais, foi extraído por hidrodestilação durante 1 hora, utilizando aparelho Clevenger. O rendimento médio do óleo foi de 0,16%. Vinte e quatro compostos foram identificados pela análise através de CG e CG-EM. O componente majoritário do óleo essencial foi o citral (70,6-79,0%). Em menores quantidades foram identificados linalol (1,7-2,2%), geraniol (0,8-2,9%), nerol (0,5-2,5%) e β-mirceno ( 0,3-2,6%). A melhor produção do óleo foi observado na primavera. Palavras-chave:Óleos essencias, erva cidreira, Lippia alba | ||
| 520 | _a ABSTRACT: Chemical characterization of erva cidreira’s essential oil (Lippia alba (Mill.) N. E. Br.) grown in Ilheus, Bahia State, Brazil. The essential oil of Lippia alba (Mill.) N. E. Br. collected in Ilheus was extracted by hydrodistillation for one hour using a Clevenger apparatus. The average yield was 0.16%. Twenty four compounds were identified by GC and GC-MS analysis. Citral was the main components of the oil (70.6-79.0%). Linalool (1.7-2.2%), geraniol (0.8-2.9%), nerol (0.5-2.5%) and β-myrcene (0.3-2.6%) were identified in low percentage. Lippia alba gave a higher yield of oil during spring. Key words: Essencial oils, erva cidreira, Lippia alba | ||
| 650 | _aÓLEO ESSENCIAL | ||
| 650 | _aERVA CIDREIRA | ||
| 650 | _aLIPPIA ALBA | ||
| 773 | 0 |
_03543 _9313785 _dBotucatu-SP Instituto de Biociências - Departamento de Química e Bioquímica 1998 _o2024-0053 _tRevista Brasileira de Plantas Medicinais (Brazil) _x1516-0572 _gv. 8(3) p. 52-55; (2006) _wBR2024000058 |
|
| 856 | _uhttp://www.sbpmed.org.br/admin/files/papers/file_tdlvCWN1VyLO.pdf | ||
| 942 | _cAnalítica | ||
| 999 |
_c298587 _d298587 |
||